| 000 | 01356nam2a2200265 4500 | ||
|---|---|---|---|
| 001 | RU\NLR\BIBL_A\012118631 | ||
| 005 | 20191115143825.0 | ||
| 010 | _a978-5-9500485-9-3 | ||
| 021 |
_aRU _bКН-П-19-069295 _9КН-П-19-4994 |
||
| 035 | _a(NLR Aleph) 012118631 | ||
| 035 | _a(RuMoRGB)010095264 | ||
| 090 |
_a11981156 _c11981156 |
||
| 100 | _a20191014d2019 k y0rusy50 ca | ||
| 101 | 0 | _arus | |
| 102 | _aRU | ||
| 105 | _aa|||b|||000zy | ||
| 200 | 1 |
_a1999-2022 _f[авторы-составители: Гусев Савелий Олегович, Григорьева Екатерина Сергеевна] |
|
| 210 | _d2019 | ||
| 215 |
_a196 с. _cил., цв. ил., табл. |
||
| 461 | 0 |
_1001RU\NLR\BIBL_A\011706817 _12001#$aКаталог монет из недрагоценных металлов и банкнот евро$fCoins Moscow[.ru$gКоролева Д. А.]$v[2019, вып. 2] _911414264 _cМосква _d[2018] _fCoinsMoscow[.ru _nCoins Mosсow _tКаталог монет из недрагоценных металлов и банкнот евро _v[2019, вып. 2] |
|
| 702 | 1 |
_4220 _aГусев _bС. О. _cбизнесмен, специалист по антиквариату _gСавелий Олегович _9204782 _3RU\NLR\AUTH\770204834 |
|
| 942 | _cBOOK | ||
| 980 | _aNB | ||